<?xml version="1.0" encoding="UTF-8"?>
<collection xmlns="http://www.loc.gov/MARC21/slim">
 <record>
  <leader>04708cam a2200709   4500</leader>
  <controlfield tag="001">821245953</controlfield>
  <controlfield tag="003">DE-627</controlfield>
  <controlfield tag="005">20240308173322.0</controlfield>
  <controlfield tag="007">tu</controlfield>
  <controlfield tag="008">150330s2015    fr |||||      00| ||fre c</controlfield>
  <datafield tag="020" ind1=" " ind2=" ">
   <subfield code="a">287772588X</subfield>
   <subfield code="9">2-87772-588-X</subfield>
  </datafield>
  <datafield tag="020" ind1=" " ind2=" ">
   <subfield code="a">9782877725880</subfield>
   <subfield code="9">978-2-87772-588-0</subfield>
  </datafield>
  <datafield tag="035" ind1=" " ind2=" ">
   <subfield code="a">(DE-627)821245953</subfield>
  </datafield>
  <datafield tag="035" ind1=" " ind2=" ">
   <subfield code="a">(DE-576)433355069</subfield>
  </datafield>
  <datafield tag="035" ind1=" " ind2=" ">
   <subfield code="a">(DE-599)GBV821245953</subfield>
  </datafield>
  <datafield tag="035" ind1=" " ind2=" ">
   <subfield code="a">(OCoLC)904984106</subfield>
  </datafield>
  <datafield tag="035" ind1=" " ind2=" ">
   <subfield code="a">(OCoLC)912974682</subfield>
  </datafield>
  <datafield tag="040" ind1=" " ind2=" ">
   <subfield code="a">DE-627</subfield>
   <subfield code="b">ger</subfield>
   <subfield code="c">DE-627</subfield>
   <subfield code="e">rakwb</subfield>
  </datafield>
  <datafield tag="041" ind1=" " ind2=" ">
   <subfield code="a">fre</subfield>
   <subfield code="a">ita</subfield>
   <subfield code="a">spa</subfield>
  </datafield>
  <datafield tag="044" ind1=" " ind2=" ">
   <subfield code="c">XA-FR</subfield>
  </datafield>
  <datafield tag="050" ind1=" " ind2="0">
   <subfield code="a">DF</subfield>
  </datafield>
  <datafield tag="082" ind1="0" ind2=" ">
   <subfield code="a">938</subfield>
  </datafield>
  <datafield tag="082" ind1="0" ind2="4">
   <subfield code="a">G:rr S:hh</subfield>
   <subfield code="a">G:ae S:kg</subfield>
  </datafield>
  <datafield tag="084" ind1=" " ind2=" ">
   <subfield code="a">6,14</subfield>
   <subfield code="2">ssgn</subfield>
  </datafield>
  <datafield tag="084" ind1=" " ind2=" ">
   <subfield code="a">LE 3200</subfield>
   <subfield code="2">rvk</subfield>
   <subfield code="0">(DE-625)rvk/90731:13664</subfield>
  </datafield>
  <datafield tag="084" ind1=" " ind2=" ">
   <subfield code="a">15.14</subfield>
   <subfield code="2">bkl</subfield>
  </datafield>
  <datafield tag="245" ind1="1" ind2="0">
   <subfield code="a">Signa et tituli</subfield>
   <subfield code="b">monuments et espaces de représentation en Gaule méridionale sous le regard croisé de la sculpture et de l'épigraphie ; [hommage à Michel Janon]</subfield>
   <subfield code="c">Sandrine Agusta-Boularot ... (ed.)</subfield>
  </datafield>
  <datafield tag="264" ind1=" " ind2="1">
   <subfield code="a">Paris</subfield>
   <subfield code="b">Editions Errance</subfield>
   <subfield code="c">2015</subfield>
  </datafield>
  <datafield tag="300" ind1=" " ind2=" ">
   <subfield code="a">239 S.</subfield>
   <subfield code="b">Ill., Kt.</subfield>
  </datafield>
  <datafield tag="336" ind1=" " ind2=" ">
   <subfield code="a">Text</subfield>
   <subfield code="b">txt</subfield>
   <subfield code="2">rdacontent</subfield>
  </datafield>
  <datafield tag="337" ind1=" " ind2=" ">
   <subfield code="a">ohne Hilfsmittel zu benutzen</subfield>
   <subfield code="b">n</subfield>
   <subfield code="2">rdamedia</subfield>
  </datafield>
  <datafield tag="338" ind1=" " ind2=" ">
   <subfield code="a">Band</subfield>
   <subfield code="b">nc</subfield>
   <subfield code="2">rdacarrier</subfield>
  </datafield>
  <datafield tag="490" ind1="1" ind2=" ">
   <subfield code="a">Bibliothèque d'archéologie méditerranéenne et africaine</subfield>
   <subfield code="v">18</subfield>
  </datafield>
  <datafield tag="500" ind1=" " ind2=" ">
   <subfield code="a">Beitr. teilw. franz., teilw. ital., teilw. span. - Zsfassungen in engl. u. teilw. franz., ital. u. span. Sprache. - Bibliogr. M. Janon S. 8 - 11. - Literaturangaben</subfield>
  </datafield>
  <datafield tag="520" ind1=" " ind2=" ">
   <subfield code="a">La spécialisation de plus en plus grande et le cloisonnement de nos domaines de recherche (histoire, histoire de l'art, archéologie...) conduisent le plus souvent à étudier et publier séparément, malgré leur complémentarité, les sources épigraphiques et les sources iconographiques. Des salles de nos musées aux rayons de nos bibliothèques, documents sculptés et documents inscrits forment des ensembles &quot;disjoints&quot;. Or statuaire et épigraphie, signa et tituli, étaient dans l'Antiquité des éléments conçus ensemble, comme les deux volets d'un même message, indissociables dès la première formulation. Cette conjonction d'un texte et d'une image définit précisément le monumentum si caractéristique de la pratique commémorative romaine. A la suite d'une approche méthodologique, l'ouvrage propose une série d'études sur différents lieux de la société romaine où se croisent données iconographiques et épigraphiques : les espaces civiques de représentation, les espaces et monuments funéraires, les espaces de la religion</subfield>
  </datafield>
  <datafield tag="583" ind1="1" ind2=" ">
   <subfield code="a">Archivierung/Langzeitarchivierung gewährleistet</subfield>
   <subfield code="f">SSG</subfield>
   <subfield code="x">XA-DE-BW</subfield>
   <subfield code="2">pdager</subfield>
   <subfield code="5">DE-16</subfield>
  </datafield>
  <datafield tag="655" ind1=" " ind2="7">
   <subfield code="a">Konferenzschrift</subfield>
   <subfield code="y">2009</subfield>
   <subfield code="z">Aix-en-Provence</subfield>
   <subfield code="0">(DE-588)1071861417</subfield>
   <subfield code="0">(DE-627)826484824</subfield>
   <subfield code="0">(DE-576)433375485</subfield>
   <subfield code="2">gnd-content</subfield>
  </datafield>
  <datafield tag="689" ind1="0" ind2="0">
   <subfield code="d">g</subfield>
   <subfield code="0">(DE-588)4238794-2</subfield>
   <subfield code="0">(DE-627)104876832</subfield>
   <subfield code="0">(DE-576)210416025</subfield>
   <subfield code="a">Gallien</subfield>
   <subfield code="z">Süd</subfield>
   <subfield code="2">gnd</subfield>
  </datafield>
  <datafield tag="689" ind1="0" ind2="1">
   <subfield code="d">s</subfield>
   <subfield code="0">(DE-588)4011453-3</subfield>
   <subfield code="0">(DE-627)106352709</subfield>
   <subfield code="0">(DE-576)208893601</subfield>
   <subfield code="a">Denkmal</subfield>
   <subfield code="2">gnd</subfield>
  </datafield>
  <datafield tag="689" ind1="0" ind2="2">
   <subfield code="d">s</subfield>
   <subfield code="0">(DE-588)4027107-9</subfield>
   <subfield code="0">(DE-627)10628598X</subfield>
   <subfield code="0">(DE-576)208969276</subfield>
   <subfield code="a">Inschrift</subfield>
   <subfield code="2">gnd</subfield>
  </datafield>
  <datafield tag="689" ind1="0" ind2=" ">
   <subfield code="5">DE-101</subfield>
  </datafield>
  <datafield tag="689" ind1="1" ind2="0">
   <subfield code="d">g</subfield>
   <subfield code="0">(DE-588)4238794-2</subfield>
   <subfield code="0">(DE-627)104876832</subfield>
   <subfield code="0">(DE-576)210416025</subfield>
   <subfield code="a">Gallien</subfield>
   <subfield code="z">Süd</subfield>
   <subfield code="2">gnd</subfield>
  </datafield>
  <datafield tag="689" ind1="1" ind2="1">
   <subfield code="d">s</subfield>
   <subfield code="0">(DE-588)4011453-3</subfield>
   <subfield code="0">(DE-627)106352709</subfield>
   <subfield code="0">(DE-576)208893601</subfield>
   <subfield code="a">Denkmal</subfield>
   <subfield code="2">gnd</subfield>
  </datafield>
  <datafield tag="689" ind1="1" ind2="2">
   <subfield code="d">s</subfield>
   <subfield code="0">(DE-588)4027107-9</subfield>
   <subfield code="0">(DE-627)10628598X</subfield>
   <subfield code="0">(DE-576)208969276</subfield>
   <subfield code="a">Inschrift</subfield>
   <subfield code="2">gnd</subfield>
  </datafield>
  <datafield tag="689" ind1="1" ind2=" ">
   <subfield code="5">(DE-627)</subfield>
  </datafield>
  <datafield tag="700" ind1="1" ind2=" ">
   <subfield code="a">Agusta-Boularot, Sandrine</subfield>
   <subfield code="d">1965-</subfield>
   <subfield code="e">Hrsg.</subfield>
   <subfield code="0">(DE-588)14014756X</subfield>
   <subfield code="0">(DE-627)616045735</subfield>
   <subfield code="0">(DE-576)314793011</subfield>
   <subfield code="4">edt</subfield>
  </datafield>
  <datafield tag="700" ind1="1" ind2=" ">
   <subfield code="a">Janon, Michel</subfield>
   <subfield code="d">1937-2010</subfield>
   <subfield code="e">GefeierteR</subfield>
   <subfield code="0">(DE-588)1070543977</subfield>
   <subfield code="0">(DE-627)824002989</subfield>
   <subfield code="0">(DE-576)430210450</subfield>
   <subfield code="4">hnr</subfield>
  </datafield>
  <datafield tag="787" ind1="0" ind2="8">
   <subfield code="i">Rezensiert in</subfield>
   <subfield code="a">Mathieu, Nicolas, 1959 - </subfield>
   <subfield code="t">[Rezension von: Sandrine Agusta-Boularot (Hrsg.), Signa et tituli. Monuments et espaces de représentation en Gaule méridionale sous le regard croisé de la sculpture et de l'épigraphie]</subfield>
   <subfield code="d">2015</subfield>
   <subfield code="w">(DE-627)1819834654</subfield>
  </datafield>
  <datafield tag="830" ind1=" " ind2="0">
   <subfield code="a">Bibliothèque d'archéologie méditerranéenne et africaine</subfield>
   <subfield code="v">18</subfield>
   <subfield code="9">18</subfield>
   <subfield code="w">(DE-627)61764070X</subfield>
   <subfield code="w">(DE-576)30827976X</subfield>
   <subfield code="w">(DE-600)2536825-4</subfield>
   <subfield code="x">2101-2849</subfield>
   <subfield code="7">ns</subfield>
  </datafield>
  <datafield tag="856" ind1="4" ind2="2">
   <subfield code="u">https://swbplus.bsz-bw.de/bsz433355069inh.htm</subfield>
   <subfield code="m">B:DE-576;DE-16</subfield>
   <subfield code="q">application/pdf</subfield>
   <subfield code="v">20150625162358</subfield>
   <subfield code="x">Verlag</subfield>
   <subfield code="3">Inhaltsverzeichnis</subfield>
  </datafield>
  <datafield tag="935" ind1=" " ind2=" ">
   <subfield code="i">Blocktest</subfield>
  </datafield>
  <datafield tag="936" ind1="r" ind2="v">
   <subfield code="a">LE 3200</subfield>
   <subfield code="b">ja - jc</subfield>
   <subfield code="k">Klassische Archäologie</subfield>
   <subfield code="k">Handbücher und Sammelwerke</subfield>
   <subfield code="k">Festschriften und Gedenkschriften</subfield>
   <subfield code="k">für Einzelpersonen</subfield>
   <subfield code="k">ja - jc</subfield>
   <subfield code="0">(DE-627)1272261662</subfield>
   <subfield code="0">(DE-625)rvk/90731:13664</subfield>
   <subfield code="0">(DE-576)202261662</subfield>
  </datafield>
  <datafield tag="936" ind1="b" ind2="k">
   <subfield code="a">15.14</subfield>
   <subfield code="j">Diplomatik</subfield>
   <subfield code="j">Epigraphik</subfield>
   <subfield code="0">(DE-627)181569639</subfield>
  </datafield>
  <datafield tag="951" ind1=" " ind2=" ">
   <subfield code="a">BO</subfield>
  </datafield>
  <datafield tag="990" ind1=" " ind2=" ">
   <subfield code="a">Gallien</subfield>
  </datafield>
  <datafield tag="990" ind1=" " ind2=" ">
   <subfield code="a">Denkmal</subfield>
  </datafield>
  <datafield tag="990" ind1=" " ind2=" ">
   <subfield code="a">Inschrift</subfield>
  </datafield>
  <datafield tag="990" ind1=" " ind2=" ">
   <subfield code="a">Gallien</subfield>
  </datafield>
  <datafield tag="990" ind1=" " ind2=" ">
   <subfield code="a">Denkmal</subfield>
  </datafield>
  <datafield tag="990" ind1=" " ind2=" ">
   <subfield code="a">Inschrift</subfield>
  </datafield>
  <datafield tag="991" ind1=" " ind2=" ">
   <subfield code="a">Rezensiertes Werk</subfield>
  </datafield>
  <datafield tag="999" ind1=" " ind2=" ">
   <subfield code="a">KXP-PPN821245953</subfield>
   <subfield code="e">4202298497</subfield>
  </datafield>
 </record>
</collection>
